ბათუმის შოთა რუსთაველის სახელმწიფო უნივერსიტეტის ბიბლიოთეკა

პრაქტიკუმი ნიადაგმცოდნეობაში. (ბიბ.ჩანაწერი № 49314)

000 -LEADER
fixed length control field 00955nam a2200253Ia 4500
001 - CONTROL NUMBER
control field 16230
003 - CONTROL NUMBER IDENTIFIER
control field GE_BSU
008 - FIXED-LENGTH DATA ELEMENTS--GENERAL INFORMATION
fixed length control field 181216s||||||||xx |||||||||||||| ||und||
040 ## - CATALOGING SOURCE
Transcribing agency GE_BSU
080 ## - UNIVERSAL DECIMAL CLASSIFICATION NUMBER
Universal Decimal Classification number 631.4(076.6)
100 ## - MAIN ENTRY--PERSONAL NAME
Personal name ურუშაძე თენგიზ,მაჭავარიანი,ლია.
245 ## - TITLE STATEMENT
Title პრაქტიკუმი ნიადაგმცოდნეობაში.
245 ## - TITLE STATEMENT
Statement of responsibility, etc. რედ:ვლადიმერ ცანავა.
260 ## - PUBLICATION, DISTRIBUTION, ETC.
Place of publication, distribution, etc. თბილისი
260 ## - PUBLICATION, DISTRIBUTION, ETC.
Name of publisher, distributor, etc. თბილ. უნ-ტის გამ-ბა,
260 ## - PUBLICATION, DISTRIBUTION, ETC.
Date of publication, distribution, etc. 2011
300 ## - PHYSICAL DESCRIPTION
Extent 127გვ;ილ;20სმ
300 ## - PHYSICAL DESCRIPTION
Other physical details ბიბლიოგრაფ.გვ:126-დანართები:გვ;120-126
653 ## - INDEX TERM--UNCONTROLLED
Uncontrolled term გეოგრაფია
653 ## - INDEX TERM--UNCONTROLLED
Uncontrolled term ნიადაგმცოდნეობა.
653 ## - INDEX TERM--UNCONTROLLED
Uncontrolled term სოფლის მეურნეობა
942 ## - ADDED ENTRY ELEMENTS (KOHA)
Koha item type წიგნი
ეგზემპლარები
Withdrawn status Lost status Damaged status Not for loan Date acquired Barcode Date last seen Price effective from Koha item type
        2018-12-17 40173 2018-12-17 2018-12-17 წიგნი
        2018-12-17 40174 2018-12-17 2018-12-17 წიგნი